<?xml version="1.0" encoding="UTF-8"?>
<collection xmlns="http://www.loc.gov/MARC21/slim">
 <record>
  <leader>05046cam a2200769   4500</leader>
  <controlfield tag="001">1645683540</controlfield>
  <controlfield tag="003">DE-627</controlfield>
  <controlfield tag="005">20240907112026.0</controlfield>
  <controlfield tag="007">tu</controlfield>
  <controlfield tag="008">190208s2019    xxk|||||      00| ||eng c</controlfield>
  <datafield tag="020" ind1=" " ind2=" ">
   <subfield code="a">9781909400634</subfield>
   <subfield code="c">Gewebe</subfield>
   <subfield code="9">978-1-909400-63-4</subfield>
  </datafield>
  <datafield tag="024" ind1="3" ind2=" ">
   <subfield code="a">9781909400634</subfield>
  </datafield>
  <datafield tag="035" ind1=" " ind2=" ">
   <subfield code="a">(DE-627)1645683540</subfield>
  </datafield>
  <datafield tag="035" ind1=" " ind2=" ">
   <subfield code="a">(DE-576)517414848</subfield>
  </datafield>
  <datafield tag="035" ind1=" " ind2=" ">
   <subfield code="a">(DE-599)BSZ517414848</subfield>
  </datafield>
  <datafield tag="035" ind1=" " ind2=" ">
   <subfield code="a">(OCoLC)1111853939</subfield>
  </datafield>
  <datafield tag="040" ind1=" " ind2=" ">
   <subfield code="a">DE-627</subfield>
   <subfield code="b">ger</subfield>
   <subfield code="c">DE-627</subfield>
   <subfield code="e">rda</subfield>
  </datafield>
  <datafield tag="041" ind1=" " ind2=" ">
   <subfield code="a">eng</subfield>
  </datafield>
  <datafield tag="044" ind1=" " ind2=" ">
   <subfield code="c">XA-GB</subfield>
   <subfield code="c">XA-BE</subfield>
  </datafield>
  <datafield tag="084" ind1=" " ind2=" ">
   <subfield code="a">KUNST</subfield>
   <subfield code="q">DE-16</subfield>
   <subfield code="2">fid</subfield>
  </datafield>
  <datafield tag="084" ind1=" " ind2=" ">
   <subfield code="a">LB 34000</subfield>
   <subfield code="2">rvk</subfield>
   <subfield code="0">(DE-625)rvk/90542:772</subfield>
  </datafield>
  <datafield tag="084" ind1=" " ind2=" ">
   <subfield code="a">NQ 9300</subfield>
   <subfield code="2">rvk</subfield>
   <subfield code="0">(DE-625)rvk/129160:</subfield>
  </datafield>
  <datafield tag="084" ind1=" " ind2=" ">
   <subfield code="a">LH 60400</subfield>
   <subfield code="q">DE-14/sred</subfield>
   <subfield code="2">rvk</subfield>
   <subfield code="0">(DE-625)rvk/94195:</subfield>
  </datafield>
  <datafield tag="084" ind1=" " ind2=" ">
   <subfield code="a">20.16</subfield>
   <subfield code="2">bkl</subfield>
  </datafield>
  <datafield tag="084" ind1=" " ind2=" ">
   <subfield code="a">20.11</subfield>
   <subfield code="2">bkl</subfield>
  </datafield>
  <datafield tag="111" ind1="2" ind2=" ">
   <subfield code="a">Collecting and Empires - the Impact of the Creation and Dissolution of Empires on Collections and Museums from Antiquity to the Present</subfield>
   <subfield code="g">Veranstaltung</subfield>
   <subfield code="d">2015</subfield>
   <subfield code="c">Florenz</subfield>
   <subfield code="j">VerfasserIn</subfield>
   <subfield code="0">(DE-588)1192808029</subfield>
   <subfield code="0">(DE-627)1671321030</subfield>
   <subfield code="4">aut</subfield>
  </datafield>
  <datafield tag="245" ind1="1" ind2="0">
   <subfield code="a">Collecting and empires</subfield>
   <subfield code="b">an historical and global perspective</subfield>
   <subfield code="c">edited by Maia Wellington Gahtan and Eva-Maria Troelenberg</subfield>
  </datafield>
  <datafield tag="264" ind1=" " ind2="1">
   <subfield code="a">London</subfield>
   <subfield code="a">Turnhout</subfield>
   <subfield code="b">Harvey Miller Publishers</subfield>
   <subfield code="c">[2019]</subfield>
  </datafield>
  <datafield tag="264" ind1=" " ind2="4">
   <subfield code="c">© 2019</subfield>
  </datafield>
  <datafield tag="300" ind1=" " ind2=" ">
   <subfield code="a">403 Seiten</subfield>
   <subfield code="b">Illustrationen</subfield>
   <subfield code="c">29 x 23 cm</subfield>
  </datafield>
  <datafield tag="336" ind1=" " ind2=" ">
   <subfield code="a">Text</subfield>
   <subfield code="b">txt</subfield>
   <subfield code="2">rdacontent</subfield>
  </datafield>
  <datafield tag="337" ind1=" " ind2=" ">
   <subfield code="a">ohne Hilfsmittel zu benutzen</subfield>
   <subfield code="b">n</subfield>
   <subfield code="2">rdamedia</subfield>
  </datafield>
  <datafield tag="338" ind1=" " ind2=" ">
   <subfield code="a">Band</subfield>
   <subfield code="b">nc</subfield>
   <subfield code="2">rdacarrier</subfield>
  </datafield>
  <datafield tag="490" ind1="1" ind2=" ">
   <subfield code="a">Collectors and dealers</subfield>
   <subfield code="v">volume 4</subfield>
  </datafield>
  <datafield tag="500" ind1=" " ind2=" ">
   <subfield code="a">&quot;[...] Istituto Lorenzo de' Medici and Marist College's MA in Museum Studies, Florence, and the Max-Planck-Research Group 'Objects in the Contact Zone - The Cross-Cultural Lives of Things' at the Kunsthistorisches Institute in Florence - Max-Planck-Institute. In November 2015, these institutions jointly organized a conference on the theme of collecting and empires [...].&quot; (Preface and acknowledgements, Seite 7)</subfield>
  </datafield>
  <datafield tag="500" ind1=" " ind2=" ">
   <subfield code="a">&quot;Collecting and Empires (Florenz, 5-7 Nov 15). Istituto Lorenzo de' Medici - Kunsthistorisches Institut in Florenz MPI, November 5-07, 2015&quot; (https://arthist.net/archive/11289, Zugriff am 08.09.2020)</subfield>
  </datafield>
  <datafield tag="500" ind1=" " ind2=" ">
   <subfield code="a">Literaturangaben</subfield>
  </datafield>
  <datafield tag="500" ind1=" " ind2=" ">
   <subfield code="a">Mit Register</subfield>
  </datafield>
  <datafield tag="583" ind1="1" ind2=" ">
   <subfield code="a">Archivierung/Langzeitarchivierung gewährleistet</subfield>
   <subfield code="f">FID</subfield>
   <subfield code="x">XA-DE-BW</subfield>
   <subfield code="2">pdager</subfield>
   <subfield code="5">DE-16</subfield>
  </datafield>
  <datafield tag="655" ind1=" " ind2="7">
   <subfield code="a">Konferenzschrift</subfield>
   <subfield code="y">2015</subfield>
   <subfield code="z">Florenz</subfield>
   <subfield code="0">(DE-588)1071861417</subfield>
   <subfield code="0">(DE-627)826484824</subfield>
   <subfield code="0">(DE-576)433375485</subfield>
   <subfield code="2">gnd-content</subfield>
  </datafield>
  <datafield tag="689" ind1="0" ind2="0">
   <subfield code="d">s</subfield>
   <subfield code="0">(DE-588)4114333-4</subfield>
   <subfield code="0">(DE-627)105822957</subfield>
   <subfield code="0">(DE-576)209483733</subfield>
   <subfield code="a">Kunst</subfield>
   <subfield code="2">gnd</subfield>
  </datafield>
  <datafield tag="689" ind1="0" ind2="1">
   <subfield code="d">s</subfield>
   <subfield code="0">(DE-588)4051494-8</subfield>
   <subfield code="0">(DE-627)106176838</subfield>
   <subfield code="0">(DE-576)209093439</subfield>
   <subfield code="a">Sammeln</subfield>
   <subfield code="2">gnd</subfield>
  </datafield>
  <datafield tag="689" ind1="0" ind2="2">
   <subfield code="d">s</subfield>
   <subfield code="0">(DE-588)4166042-0</subfield>
   <subfield code="0">(DE-627)105435732</subfield>
   <subfield code="0">(DE-576)209899549</subfield>
   <subfield code="a">Kunstsammler</subfield>
   <subfield code="2">gnd</subfield>
  </datafield>
  <datafield tag="689" ind1="0" ind2="3">
   <subfield code="a">z</subfield>
   <subfield code="2">gnd</subfield>
   <subfield code="a">Geschichte</subfield>
  </datafield>
  <datafield tag="689" ind1="0" ind2=" ">
   <subfield code="5">(DE-627)</subfield>
  </datafield>
  <datafield tag="700" ind1="1" ind2=" ">
   <subfield code="a">Gahtan, Maia W.</subfield>
   <subfield code="e">HerausgeberIn</subfield>
   <subfield code="0">(DE-588)1069957577</subfield>
   <subfield code="0">(DE-627)823069826</subfield>
   <subfield code="0">(DE-576)429643098</subfield>
   <subfield code="4">edt</subfield>
  </datafield>
  <datafield tag="700" ind1="1" ind2=" ">
   <subfield code="a">Troelenberg, Eva-Maria</subfield>
   <subfield code="d">1980-</subfield>
   <subfield code="e">HerausgeberIn</subfield>
   <subfield code="0">(DE-588)13291400X</subfield>
   <subfield code="0">(DE-627)528672711</subfield>
   <subfield code="0">(DE-576)299499618</subfield>
   <subfield code="4">edt</subfield>
  </datafield>
  <datafield tag="710" ind1="2" ind2=" ">
   <subfield code="a">Istituto Lorenzo de' Medici</subfield>
   <subfield code="e">VeranstalterIn</subfield>
   <subfield code="0">(DE-588)107700205X</subfield>
   <subfield code="0">(DE-627)835550230</subfield>
   <subfield code="0">(DE-576)445846038</subfield>
   <subfield code="4">orm</subfield>
   <subfield code="4">his</subfield>
  </datafield>
  <datafield tag="710" ind1="2" ind2=" ">
   <subfield code="a">Kunsthistorisches Institut in Florenz</subfield>
   <subfield code="e">VeranstalterIn</subfield>
   <subfield code="0">(DE-588)2016695-3</subfield>
   <subfield code="0">(DE-627)10191038X</subfield>
   <subfield code="0">(DE-576)191705241</subfield>
   <subfield code="4">orm</subfield>
   <subfield code="4">his</subfield>
  </datafield>
  <datafield tag="710" ind1="2" ind2=" ">
   <subfield code="a">Marist College</subfield>
   <subfield code="g">Poughkeepsie, NY</subfield>
   <subfield code="e">VeranstalterIn</subfield>
   <subfield code="0">(DE-588)5241704-9</subfield>
   <subfield code="0">(DE-627)713329157</subfield>
   <subfield code="0">(DE-576)196493633</subfield>
   <subfield code="4">orm</subfield>
  </datafield>
  <datafield tag="787" ind1="0" ind2="8">
   <subfield code="i">Rezensiert in</subfield>
   <subfield code="a">Gáldy, Andrea, 1967 - </subfield>
   <subfield code="t">[Rezension von: Maia Wellington Gahtan / Eva-Maria Troelenberg (eds.), Collecting and empires. An historical and global perspective]</subfield>
   <subfield code="d">2019</subfield>
   <subfield code="w">(DE-627)1785941704</subfield>
  </datafield>
  <datafield tag="830" ind1=" " ind2="0">
   <subfield code="a">Collectors and dealers</subfield>
   <subfield code="v">volume 4</subfield>
   <subfield code="9">4</subfield>
   <subfield code="w">(DE-627)1012157709</subfield>
   <subfield code="w">(DE-576)497882884</subfield>
   <subfield code="w">(DE-600)2918595-6</subfield>
   <subfield code="7">ns</subfield>
  </datafield>
  <datafield tag="856" ind1="4" ind2="2">
   <subfield code="u">https://swbplus.bsz-bw.de/bsz1645683540inh.htm</subfield>
   <subfield code="m">V:DE-576;B:DE-16</subfield>
   <subfield code="q">application/pdf</subfield>
   <subfield code="v">20191120153551</subfield>
   <subfield code="3">Inhaltsverzeichnis</subfield>
  </datafield>
  <datafield tag="856" ind1="4" ind2="2">
   <subfield code="u">https://swbplus.bsz-bw.de/bsz1645683540rez.htm</subfield>
   <subfield code="m">V:DE-576;B:DE-16</subfield>
   <subfield code="q">application/pdf</subfield>
   <subfield code="v">20191223153030</subfield>
   <subfield code="3">Rezension</subfield>
  </datafield>
  <datafield tag="856" ind1="4" ind2="2">
   <subfield code="u">http://www.sehepunkte.de/2019/12/33519.html</subfield>
   <subfield code="m">V:DE-576;X:SEHEPUNKTE</subfield>
   <subfield code="q">text/html</subfield>
   <subfield code="v">20200505102010</subfield>
   <subfield code="3">Rezension</subfield>
  </datafield>
  <datafield tag="936" ind1="r" ind2="v">
   <subfield code="a">LB 34000</subfield>
   <subfield code="b">Darstellung ohne geografischen Bezug</subfield>
   <subfield code="k">Sozial- und Kulturanthropologie. Empirische Kulturwissenschaft</subfield>
   <subfield code="k">Ethnologie in der Praxis</subfield>
   <subfield code="k">Ethnomuseologie</subfield>
   <subfield code="k">Darstellung ohne geografischen Bezug</subfield>
   <subfield code="0">(DE-627)1270818120</subfield>
   <subfield code="0">(DE-625)rvk/90542:772</subfield>
   <subfield code="0">(DE-576)200818120</subfield>
  </datafield>
  <datafield tag="936" ind1="r" ind2="v">
   <subfield code="a">NQ 9300</subfield>
   <subfield code="b">Einzelbeiträge</subfield>
   <subfield code="k">Geschichte</subfield>
   <subfield code="k">Geschichte seit 1918</subfield>
   <subfield code="k">Weltgeschichte des Kolonialismus und Imperialismus (übergreifend)</subfield>
   <subfield code="k">Einzelbeiträge</subfield>
   <subfield code="0">(DE-627)1271473216</subfield>
   <subfield code="0">(DE-625)rvk/129160:</subfield>
   <subfield code="0">(DE-576)201473216</subfield>
  </datafield>
  <datafield tag="936" ind1="r" ind2="v">
   <subfield code="a">LH 60400</subfield>
   <subfield code="b">Kunstsammeln</subfield>
   <subfield code="k">Kunstgeschichte</subfield>
   <subfield code="k">Allgemeines. Allgemeine Kunstgeschichte</subfield>
   <subfield code="k">Kunstkennerschaft und Mäzenatentum</subfield>
   <subfield code="k">Kunstsammeln</subfield>
   <subfield code="0">(DE-627)1270643045</subfield>
   <subfield code="0">(DE-625)rvk/94195:</subfield>
   <subfield code="0">(DE-576)200643045</subfield>
  </datafield>
  <datafield tag="936" ind1="b" ind2="k">
   <subfield code="a">20.16</subfield>
   <subfield code="j">Kunstförderung</subfield>
   <subfield code="0">(DE-627)106406558</subfield>
  </datafield>
  <datafield tag="936" ind1="b" ind2="k">
   <subfield code="a">20.11</subfield>
   <subfield code="j">Kunstsammlung</subfield>
   <subfield code="0">(DE-627)106406248</subfield>
  </datafield>
  <datafield tag="951" ind1=" " ind2=" ">
   <subfield code="a">BO</subfield>
  </datafield>
  <datafield tag="990" ind1=" " ind2=" ">
   <subfield code="a">Kunst</subfield>
  </datafield>
  <datafield tag="990" ind1=" " ind2=" ">
   <subfield code="a">Sammeln</subfield>
  </datafield>
  <datafield tag="990" ind1=" " ind2=" ">
   <subfield code="a">Kunstsammler</subfield>
  </datafield>
  <datafield tag="990" ind1=" " ind2=" ">
   <subfield code="a">Geschichte</subfield>
  </datafield>
  <datafield tag="991" ind1=" " ind2=" ">
   <subfield code="a">Rezensiertes Werk</subfield>
  </datafield>
  <datafield tag="999" ind1=" " ind2=" ">
   <subfield code="a">KXP-PPN1645683540</subfield>
   <subfield code="e">4036743953</subfield>
  </datafield>
 </record>
</collection>
